| 000 | 00530nam a2200193Ia 4500 | ||
|---|---|---|---|
| 999 |
_c47083 _d47083 |
||
| 001 | 49331 | ||
| 005 | 20220118155930.0 | ||
| 008 | 140430s9999 xx 000 0 und d | ||
| 020 | _aNA | ||
| 040 | _cPK-LaUMT | ||
| 082 |
_a346.00264P _bCIV- |
||
| 245 |
_aCivil law cases [CLC, 1998] : _bmonthly journal of civil ruling / _cedited by Malik Muhammad Saeed |
||
| 260 |
_aLahore,Pakistan: _bThe Civil Law Cases, _c1998 |
||
| 300 | _a3 vols. | ||
| 501 | _a3 vols. | ||
| 546 | _aEN | ||
| 650 | _aCivil cases-Pakistan | ||
| 942 | _cLPJ | ||